[Event "Clichy intern op 0304"]
[Site "Clichy"]
[Date "2003.11.27"]
[Round "3"]
[White "Fastani, Nourddine"]
[Black "Salomon, Eric"]
[Result "1-0"]
[WhiteElo "1770"]
[BlackElo "1499"]
[PlyCount "41"]
[EventDate "2003.10.16"]
[EventType "swiss"]
[EventRounds "6"]
[EventCountry "FRA"]
[SourceTitle "EXT 2008"]
[Source "ChessBase"]
[SourceDate "2007.11.25"]
[SourceVersion "1"]
[SourceVersionDate "2007.11.25"]
[SourceQuality "1"]

1. e4 e5 2. f4 Nc6 3. Nf3 d5 4. exd5 Qxd5 5. Nc3 Qd8 6. Nxe5 Nxe5 7. fxe5 Bc5 8. Qf3 Qd4 9. Be2 Ne7 10. Ne4 Bb6 11. c3 Qxe5 12. d4 Qe6 13. Ng5 Qf5 14. 0-0 0-0 15. Qe3 Qd7 16. Bc4 Nd5 17. Qe4 Nf6 18. Rxf6 g6 19. Nxf7 Rxf7 20. Rxf7 Qa4 21. Rd7+ 1-0